00415nam a2200121Ia 4500008004100000100002100041245008100062245004000143260000900183300003300192440004500225650002300270171207s9999 xx 000 0 und d aKluza, Krzysztof 2aA method for generation and design of business processes with business rules cKrzysztof Kluza, Grzegorz J. Nalepa c2017 apages 123-141, November 2017 aInformation and Software Technologyv91: aSOFTWARE TECHNLOGY